000
00261nam a2200109Ia 4500
008
190902s9999||||xx |||||||||||||| ||und||
100
_a
Faiz Ahmed Faiz
245
2
_a
A Withered Spring
260
_a
Pakistan
_b
HY Enterprises
_c
2013
300
_a
63
942
_c
BK
999
_c
2658
_d
2658